01280cam a2200277 a 450000100100000000500170001000800410002702000150006804000230008308200200010610000340012624501040016026001440026430000260040849000320043450400420046665100550050865100520056365100560061565000800067170000430075183000360079491000340083095201230086499900150098700000564520200929151730.0010506s2001 ve b f000 0 spa  a9800111247 aDO-SdBNPcDLCdDLC a987.0632bV165d1 aValero, Jorge.d1946 -91596513aLa diplomacia internacional y el Golpe de 1945 /cJorge Valero; prólogo, Fermín Toro Jiménez. aCaracas :bMonte Ávila Editores Latinoamericana :bMinisterio de Relaciones Exteriores de la República Bolivariana de Venezuela,c2001. axii, 215 p. ;c19 cm.1 aEstudios ;pSerie Historia. aIncluye referencias bibliográficas. 4aVenezuelaxPolítica Y Gobiernoy1935-1958.93993 4aVenezuelaxHistoriayREVOLUCIÓN, 1945.915951 4aVenezuelaxRelaciones Exterioresy1935-1958.915966 4aIndustria del petróleo y comerciozVenezuelaxActividad política9159671 aToro Jiménez, Fermíneprol.915968 4aEstudiospSerie Historia915969 aCatalogación por copia / LC 001052708MOaGRbGRcCTd2009-08-20iLF1l0o987.0632 V165dp5645-10r2020-06-25w2020-06-25y2ZPréstamo interno c5444d5444